| 000 | 01773nam a2200289Ia 4500 | ||
|---|---|---|---|
| 001 | K0321 | ||
| 003 | IT-RoPAU | ||
| 008 | 130308s9999 xx 000 0 und d | ||
| 040 | _aIT-RoPAU | ||
| 040 | _cIT-RoPAU | ||
| 041 | _aITALIANO | ||
| 100 | _aTestori Giovanni | ||
| 100 | _gCodice Aut. SPICS: 786 | ||
| 245 | _aGran teatro Montano (Il). Saggi su Gaudenzio Ferrari | ||
| 245 | _bGran Teatro Montano (Il). Saggi su Gaudenzio Ferrari | ||
| 250 | _a1a ed. | ||
| 260 | _aMILANO | ||
| 260 | _bFeltrinelli | ||
| 260 | _c1965 [1° Ed.:1965 - Ed.Ling.Originale:1965] | ||
| 300 | _a"220 p. (prefazione: no ; testo: 220 [pagine: 0-0])" | ||
| 500 | _a"Gaudenzio e Sacro Monte. Gaudenzio Alla Porte di Varallo. Elogio dell'arte Novarese. Polemica e Pace Sulla Cappella della Pietà. Meditazioni vecchie e nuove Sulla croce . Regesti e Bibliografia. 80 tavole in bianco e Nero delle Seguenti Opere: Crocifisso; Crocifissione; Angelo Annunciante; Annunciata; Vergine col Figlio; Nativita'; S. Giuseppe; Vergine Adorante; Adorazione dei Pastori; Pastore; Angeli Musicanti; visita dei Magi; Cristo Sale al Pretorio; testa di Cristo; Assistente; gruppo di Cavalieri; Il buon Ladrone; Cristo Crocifisso; Cattivo Ladrone; gruppo delle Marie; Soldati e Cavalieri; Soldati che Giocano a Dadi; Giovanni sotto croce ; gruppo di Soldati; gruppo di Madri; una Madre; bambino con Cane; Angeli; Pieta'; Vergine Dormiente. " | ||
| 650 | _aSAGGI SULLE ARTI VISIVE | ||
| 650 | _eCodice materia Spics: 5011 | ||
| 942 | _cBK | ||
| 957 | _71 | ||
| 999 |
_c77080 _d77080 |
||
| 999 | _g1 | ||